000
00259nam a2200097Ia 4500
001
645599
005
20250826153626.0
008
250824s9999 xx 000 0 und d
245
0
_a
TALİHSİZ SER 8 DEHŞET HASTANESİ SC
_c
LEMONY SNICKET
260
_b
DOĞAN EGMONT
999
_c
645599
_d
645599